000 00634nam a22002177a 4500
003 BD-DhJNU
005 20250122051401.0
008 250122b |||||||| |||| 00| 0 eng d
020 _a0070600929
040 _aBD-DhJNU
_bENG
_cBD-DhJNU
_dBD-DhJNU
082 _223
_a658.4034
100 _aHillier, Frederick S.
245 _aIntroduction to Operations Research :
_bconcepts and cases /
250 _a8th ed.
260 _aNew Delhi :
_bTata McGraw Hill,
_c2005.
300 _axxxi, 1062 p. :
_bill. ;
_c25 cm.
504 _aincludes index
650 _aOperations Research
700 _aLieberman, Gerald J.
942 _2ddc
_cBK
_n0
999 _c1140
_d1140